| 000 | 00439nam a22001577a 4500 | ||
|---|---|---|---|
| 005 | 20251120143025.0 | ||
| 008 | 251120b |||||||| |||| 00| 0 eng d | ||
| 020 | _a979-8-88715-033-8 | ||
| 100 | _aHUSTON, ALEXA | ||
| 245 | _aCURRENT TRENDS IN PLANT BIOLOGY | ||
| 260 |
_aDUBLIN _bORYSON PRESS _c2023 |
||
| 300 | _aXII, 296P. | ||
| 500 | _aINCLUDES INDEX | ||
| 650 | _a1.PLANTS 2. PLANT SCIENCES - RESEARCH - TRENDS | ||
| 942 |
_2lcc _cBK |
||
| 999 |
_c216234 _d216234 |
||